| 000 | 01089nmc a2200337 a 4500 | ||
|---|---|---|---|
| 003 | AR-BaBNM | ||
| 005 | 20251128204651.0 | ||
| 008 | 237019s1994 ||||||||||||||000 | spa|| | ||
| 020 | _a987-99855 | ||
| 040 | _cAR-BaBNM | ||
| 100 | 1 | _aViano, Martín J. | |
| 245 | 1 | 0 |
_aUna amenaza acecha a nuestros hijos _bla teleadicción : la contraescuela de la contracultura vs. el rendimiento escolar : perspectivas, dificultades, soluciones |
| 260 |
_aBuenos Aires _bFundación Argentina del Mañana _c1994 |
||
| 300 | 0 |
_a63 p. _btablas |
|
| 490 | 0 |
_aTodo sobre la TV _vv. 1 |
|
| 504 | _aBibliografía: p. 61-63 | ||
| 650 | 4 | _aEDUCACION DEL NINO | |
| 650 | 4 | _aTELEVISION | |
| 650 | 4 | _aINFLUENCIA FAMILIAR | |
| 650 | 4 | _aPSICOLOGIA DEL NINO | |
| 650 | 4 | _aAMBIENTE FAMILIAR | |
| 650 | 4 | _aANALFABETISMO FUNCIONAL | |
| 650 | 4 | _aPROGRAMAS DE TELEVISION | |
| 650 | 4 | _aCONTENIDO DEL PROGRAMA | |
| 653 | 0 | _aORIENTACION EDUCATIVA | |
| 700 | 1 | _aDufaur, Luis E. | |
| 700 | 1 |
_aRay, Carlos Abel _eprologuista |
|
| 710 | 2 | _aFundación Argentina del Mañana | |
| 942 | _cBK | ||
| 998 | _csilvi | ||
| 999 |
_c8311 _d8311 |
||